000 00598nam a2200205Ia 4500
003 GCL
008 140319s9999 xx 000 0 ara d
020 _a9111109977
040 _aGCL /
_cGCL
082 0 4 _a813.01
_bخ ع
100 1 _aخيرى شلبى
245 1 0 _aعدل المسامير /
_cخيرى شلبى
250 _aالاولى
260 _aالقاهرة :
_bدار الشروق ،
_c2005
300 _a140 ص ؛
_c20 سم
650 0 4 _aالادب العربى
650 0 4 _aالقصص العربية
650 0 4 _aالقصص العربية القصيرة
942 _2ddc
_cBK
999 _c56856
_d56856